书目信息 |
| 题名: |
教书育人的艺术
|
|
| 作者: | 曾见勇 编著 | |
| 分册: | ||
| 出版信息: | 北京 中国文联出版社 2017.11 |
|
| 页数: | 325页 | |
| 开本: | 23cm | |
| 丛书名: | ||
| 单 册: | ||
| 中图分类: | G446 | |
| 科图分类: | ||
| 主题词: | 教育心理学--社会心理学--继续教育--教材 | |
| 电子资源: | ||
| ISBN: | 978-7-5190-3217-3 | |
| 000 | 01249nam0 2200217 450 | |
| 001 | 1432 | |
| 005 | 20180522113925.14 | |
| 010 | @a978-7-5190-3217-3@dCNY49.00 | |
| 100 | @a20171101d2017 em y0chiy0110 ea | |
| 101 | 0 | @achi |
| 102 | @aCN@b110000 | |
| 105 | @ay z 000yy | |
| 200 | 1 | @a教书育人的艺术@9jiao shu yu ren de yi shu@f曾见勇编著 |
| 210 | @a北京@c中国文联出版社@d2017.11 | |
| 215 | @a325页@d23cm | |
| 330 | @a本书通过对教育现象和教育案例深入浅出心理分析,介绍教育社会心理科学规律,并向中小学教师及家长提供合乎教育社会心理科学规律的实用教育技术,是一本从实践升华到理论,再从理论回归实践的社会心理教育实用工具书。是一本较为系统管教孩子的书,可以集中学习管教孩子心理方法和技巧。本书方法不仅是成功经验,也是源于科学心理学基础之上的科学管教方法,是理论和实践紧密结合的产物,是笔者潜心研究社会心理学应用于教育实践的创新之成果。本书有心理现象分析、有社会心理学理论,有实用方法,有方法使用技术要领,也有方法实用的成功案例,还有运用案例解析。是师范院校学生理想的教育心理学教材和中小学教师理想的继续教育教材,既是作为家长管教孩子的实用手册,也是教育社会心理学科普读物。 | |
| 606 | 0 | @a教育心理学@x社会心理学@x继续教育@j教材 |
| 690 | @aG446@v5 | |
| 701 | 0 | @a曾见勇@9ceng jian yong@4编著 |
| 801 | 0 | @aCN@b91CIP@c20171101 |
| 905 | @aMuseLib@dG446@e310 | |
| 教书育人的艺术/曾见勇编著.-北京:中国文联出版社,2017.11 |
| 325页;23cm |
| ISBN 978-7-5190-3217-3:CNY49.00 |
| 本书通过对教育现象和教育案例深入浅出心理分析,介绍教育社会心理科学规律,并向中小学教师及家长提供合乎教育社会心理科学规律的实用教育技术,是一本从实践升华到理论,再从理论回归实践的社会心理教育实用工具书。是一本较为系统管教孩子的书,可以集中学习管教孩子心理方法和技巧。本书方法不仅是成功经验,也是源于科学心理学基础之上的科学管教方法,是理论和实践紧密结合的产物,是笔者潜心研究社会心理学应用于教育实践的创新之成果。本书有心理现象分析、有社会心理学理论,有实用方法,有方法使用技术要领,也有方法实用的成功案例,还有运用案例解析。是师范院校学生理想的教育心理学教材和中小学教师理想的继续教育教材,既是作为家长管教孩子的实用手册,也是教育社会心理学科普读物。 |
| ● |
| 相关链接 |
|
|
|
|
正题名:教书育人的艺术
索取号:G446/310
 
预约/预借
| 序号 | 登录号 | 条形码 | 馆藏地/架位号 | 状态 | 备注 |
| 1 | 1104492 | 211044920 | 第一样本阅览室/ [索取号:G446/310] | 在馆 | |
| 2 | 1104493 | 211044939 | 教育系资料室/ [索取号:G446/310] | 在馆 | |
| 3 | 1104494 | 211044948 | 教育系资料室/ [索取号:G446/310] | 在馆 | |
| 4 | 1104495 | 211044957 | 教育系资料室/ [索取号:G446/310] | 在馆 | |
| 5 | 1104496 | 211044966 | 第四借阅区/ [索取号:G446/310] | 在馆 | |
| 6 | 1104497 | 211044975 | 第四借阅区/ [索取号:G446/310] | 在馆 |